<?xml version="1.0" encoding="UTF-8"?>
<collection xmlns="http://www.loc.gov/MARC21/slim">
 <record>
  <leader>02343nas a2200529 a 4500</leader>
  <controlfield tag="001">788</controlfield>
  <controlfield tag="003">BD-DhAAL</controlfield>
  <controlfield tag="005">20150817135252.0</controlfield>
  <controlfield tag="008">150817c19869999dcutr0p      i0   a0eng d</controlfield>
  <datafield tag="010" ind1=" " ind2=" ">
   <subfield code="a">   86659557 </subfield>
   <subfield code="z">sn 86013859 </subfield>
  </datafield>
  <datafield tag="022" ind1="0" ind2=" ">
   <subfield code="a">0258-6770</subfield>
  </datafield>
  <datafield tag="022" ind1=" " ind2=" ">
   <subfield code="a">0258-6770</subfield>
  </datafield>
  <datafield tag="022" ind1=" " ind2=" ">
   <subfield code="a">1564-698x (Online)</subfield>
  </datafield>
  <datafield tag="037" ind1=" " ind2=" ">
   <subfield code="b">World Bank Publications, 1818 H St., N.W., Washington, DC 20433</subfield>
  </datafield>
  <datafield tag="040" ind1=" " ind2=" ">
   <subfield code="a">NSDP</subfield>
   <subfield code="b">eng</subfield>
   <subfield code="c">NSDP</subfield>
   <subfield code="d">DLC</subfield>
   <subfield code="d">NSDP</subfield>
   <subfield code="d">DLC</subfield>
   <subfield code="d">MH</subfield>
   <subfield code="d">NSDP</subfield>
   <subfield code="d">NST</subfield>
   <subfield code="d">InU</subfield>
   <subfield code="d">NSDP</subfield>
   <subfield code="d">MH</subfield>
   <subfield code="d">NSDP</subfield>
   <subfield code="d">FU</subfield>
   <subfield code="d">NST</subfield>
   <subfield code="d">NSDP</subfield>
   <subfield code="d">MH</subfield>
   <subfield code="d">NST</subfield>
   <subfield code="d">MiU</subfield>
   <subfield code="d">MH</subfield>
   <subfield code="d">NST</subfield>
   <subfield code="d">GU</subfield>
   <subfield code="d">DLC</subfield>
   <subfield code="d">TNJ</subfield>
   <subfield code="d">InU</subfield>
   <subfield code="d">GU</subfield>
   <subfield code="d">LC</subfield>
   <subfield code="d">BD-DhAAL</subfield>
  </datafield>
  <datafield tag="042" ind1=" " ind2=" ">
   <subfield code="a">nsdp</subfield>
   <subfield code="a">lc</subfield>
  </datafield>
  <datafield tag="043" ind1=" " ind2=" ">
   <subfield code="a">d------</subfield>
  </datafield>
  <datafield tag="050" ind1=" " ind2="0">
   <subfield code="a">HC59.69</subfield>
   <subfield code="b">.W67</subfield>
  </datafield>
  <datafield tag="050" ind1="0" ind2="0">
   <subfield code="a">HC59.69</subfield>
   <subfield code="b">.W67</subfield>
  </datafield>
  <datafield tag="082" ind1="0" ind2="0">
   <subfield code="a">330.91724</subfield>
   <subfield code="2">19</subfield>
  </datafield>
  <datafield tag="082" ind1="0" ind2="0">
   <subfield code="a">330.9172/4</subfield>
   <subfield code="2">19</subfield>
  </datafield>
  <datafield tag="210" ind1="0" ind2=" ">
   <subfield code="a">World Bank econ. rev</subfield>
  </datafield>
  <datafield tag="222" ind1=" " ind2="4">
   <subfield code="a">The World Bank economic review</subfield>
  </datafield>
  <datafield tag="245" ind1="0" ind2="4">
   <subfield code="a">The World Bank economic review.</subfield>
  </datafield>
  <datafield tag="260" ind1=" " ind2=" ">
   <subfield code="a">Washington, D.C. :</subfield>
   <subfield code="b">World Bank,</subfield>
   <subfield code="c">c1986-</subfield>
  </datafield>
  <datafield tag="300" ind1=" " ind2=" ">
   <subfield code="a">v. :</subfield>
   <subfield code="b">ill. ;</subfield>
   <subfield code="c">26 cm.</subfield>
  </datafield>
  <datafield tag="310" ind1=" " ind2=" ">
   <subfield code="a">Three times a year</subfield>
  </datafield>
  <datafield tag="362" ind1="0" ind2=" ">
   <subfield code="a">Vol. 1, no. 1 (Sept. 1986)-</subfield>
  </datafield>
  <datafield tag="500" ind1=" " ind2=" ">
   <subfield code="a">Title from cover.</subfield>
  </datafield>
  <datafield tag="510" ind1="1" ind2=" ">
   <subfield code="a">Index of economic articles in journals and collective volumes</subfield>
   <subfield code="x">0536-647X</subfield>
   <subfield code="b">1986-</subfield>
  </datafield>
  <datafield tag="510" ind1="1" ind2=" ">
   <subfield code="a">Journal of economic literature</subfield>
   <subfield code="x">0022-0515</subfield>
   <subfield code="b">1986-</subfield>
  </datafield>
  <datafield tag="510" ind1="2" ind2=" ">
   <subfield code="a">PAIS bulletin</subfield>
   <subfield code="x">0898-2201</subfield>
   <subfield code="b">1988-</subfield>
  </datafield>
  <datafield tag="530" ind1=" " ind2=" ">
   <subfield code="a">Also available in an online version.</subfield>
  </datafield>
  <datafield tag="541" ind1=" " ind2=" ">
   <subfield code="e">788</subfield>
  </datafield>
  <datafield tag="580" ind1=" " ind2=" ">
   <subfield code="a">Has annual suppl., 1989-1994: World Bank Conference on Development Economics.  Proceedings of the World Bank Annual Conference on Development Economics.</subfield>
  </datafield>
  <datafield tag="610" ind1="2" ind2="0">
   <subfield code="a">World Bank</subfield>
   <subfield code="x">Periodicals.</subfield>
   <subfield code="9">13894</subfield>
  </datafield>
  <datafield tag="650" ind1=" " ind2="0">
   <subfield code="a">Economic development</subfield>
   <subfield code="x">Periodicals.</subfield>
   <subfield code="9">13895</subfield>
  </datafield>
  <datafield tag="651" ind1=" " ind2="0">
   <subfield code="a">Developing countries</subfield>
   <subfield code="x">Economic conditions</subfield>
   <subfield code="x">Periodicals.</subfield>
   <subfield code="9">13896</subfield>
  </datafield>
  <datafield tag="651" ind1=" " ind2="0">
   <subfield code="a">Developing countries</subfield>
   <subfield code="x">Economic policy</subfield>
   <subfield code="x">Periodicals.</subfield>
   <subfield code="9">13897</subfield>
  </datafield>
  <datafield tag="655" ind1=" " ind2="7">
   <subfield code="a">Computer network resources.</subfield>
   <subfield code="2">local</subfield>
   <subfield code="9">13898</subfield>
  </datafield>
  <datafield tag="710" ind1="2" ind2=" ">
   <subfield code="a">World Bank.</subfield>
   <subfield code="9">13899</subfield>
  </datafield>
  <datafield tag="770" ind1="1" ind2=" ">
   <subfield code="a">World Bank Conference on Development Economics.</subfield>
   <subfield code="t">Proceedings of the World Bank Annual Conference on Development Economics</subfield>
   <subfield code="x">1014-7268</subfield>
   <subfield code="w">(DLC)   90660268</subfield>
   <subfield code="w">(OCoLC)20942966</subfield>
  </datafield>
  <datafield tag="776" ind1="1" ind2=" ">
   <subfield code="t">World Bank economic review (Online)</subfield>
   <subfield code="w">(OCoLC)47980831</subfield>
  </datafield>
  <datafield tag="856" ind1="4" ind2="1">
   <subfield code="z">Online version:</subfield>
   <subfield code="u">http://www.worldbank.org/</subfield>
  </datafield>
  <datafield tag="942" ind1=" " ind2=" ">
   <subfield code="2">ddc</subfield>
   <subfield code="c">BK</subfield>
  </datafield>
  <datafield tag="999" ind1=" " ind2=" ">
   <subfield code="c">35268</subfield>
   <subfield code="d">35268</subfield>
  </datafield>
  <datafield tag="952" ind1=" " ind2=" ">
   <subfield code="0">0</subfield>
   <subfield code="1">0</subfield>
   <subfield code="2">ddc</subfield>
   <subfield code="4">0</subfield>
   <subfield code="6">330_917240000000000_WOR</subfield>
   <subfield code="7">0</subfield>
   <subfield code="9">55324</subfield>
   <subfield code="a">SCL</subfield>
   <subfield code="b">SCL</subfield>
   <subfield code="c">GEN</subfield>
   <subfield code="d">2015-08-17</subfield>
   <subfield code="l">0</subfield>
   <subfield code="o">330.91724 WOR</subfield>
   <subfield code="p">3020000788</subfield>
   <subfield code="r">2015-08-17</subfield>
   <subfield code="t">1</subfield>
   <subfield code="w">2015-08-17</subfield>
   <subfield code="y">BK</subfield>
  </datafield>
 </record>
</collection>
